Normal view
MARC view
- Hotelkeepers
Entry Topical Term
001 - CONTROL NUMBER
- control field: 24980
003 - CONTROL NUMBER IDENTIFIER
- control field: NUST
005 - DATE AND TIME OF LATEST TRANSACTION
- control field: 20191029161249.0
008 - FIXED-LENGTH DATA ELEMENTS
- fixed length control field: 191029|| aca||aabn | a|a d
040 ## - CATALOGING SOURCE
- Original cataloging agency: NUST
- Transcribing agency: NUST
150 ## - HEADING--TOPICAL TERM
- Topical term or geographic name entry element: Hotelkeepers
670 ## - SOURCE DATA FOUND
- Source citation: Work cat.: (NUST)0: Archer, Jeffrey, 1940- 11436, Kane & Abel /, 2009, c1979
